[Event "Cannes op"]
[Site "Cannes"]
[Date "2000.02.23"]
[Round "4"]
[White "Helstroffer, Arnaud"]
[Black "Azariants, Evgeni"]
[Result "1/2-1/2"]
[WhiteElo "2076"]
[BlackElo "2197"]
[PlyCount "56"]
[EventDate "2000.02.20"]
[EventType "swiss"]
[EventRounds "9"]
[EventCountry "FRA"]
[SourceTitle "EXT 2001"]
[Source "ChessBase"]
[SourceDate "2000.11.22"]
[SourceVersion "1"]
[SourceVersionDate "2000.11.22"]
[SourceQuality "1"]

1. e4 c5 2. Nf3 Nc6 3. d4 cxd4 4. Nxd4 Nf6 5. Nc3 d6 6. Bc4 Qb6 7. Nb3 e6 8. Be3 Qc7 9. 0-0 a6 10. Be2 b5 11. a3 Bb7 12. f4 b4 13. axb4 Nxb4 14. Bf3 Rc8 15. Nd4 Be7 16. g4 d5 17. e5 Ne4 18. Bxe4 dxe4 19. Qe1 0-0 20. Qg3 Rcd8 21. Rf2 Nc6 22. Nxc6 Qxc6 23. f5 f6 24. Raf1 fxe5 25. Qxe5 Bf6 26. Qxe6+ Qxe6 27. fxe6 Rfe8 28. Na4 Bc8 1/2-1/2

[Event "Cannes op-B 18th"]
[Site "Cannes"]
[Date "1997.??.??"]
[Round "8"]
[White "Azariants, Evgeni"]
[Black "Bujisho, Benjamin"]
[Result "1-0"]
[WhiteElo "2200"]
[BlackElo "2260"]
[PlyCount "69"]
[EventDate "1997.02.22"]
[EventType "swiss"]
[EventRounds "9"]
[EventCountry "FRA"]
[SourceTitle "CBM 057 Extra"]
[Source "ChessBase"]
[SourceDate "1997.05.01"]
[SourceVersion "1"]
[SourceVersionDate "1997.05.01"]
[SourceQuality "1"]

1. Nf3 f5 2. g3 Nf6 3. c4 g6 4. Nc3 Bg7 5. Bg2 0-0 6. 0-0 d6 7. d4 Qe8 8. d5 Bd7 9. Qb3 Qc8 10. e4 fxe4 11. Ng5 Na6 12. Ncxe4 Nxe4 13. Nxe4 Bf5 14. Be3 b6 15. Qa3 Rb8 16. Rad1 Nc5 17. Nxc5 bxc5 18. b3 Rb6 19. Qc1 Re8 20. Rfe1 a5 21. Bg5 Qd7 22. Re2 a4 23. Rde1 axb3 24. axb3 Rxb3 25. Rxe7 Rxe7 26. Rxe7 Qa4 27. Be4 Bxe4 28. Rxe4 Be5 29. Bh6 Qd7 30. Re3 Rb8 31. Rf3 Qg4 32. Kg2 Qe4 33. Qe3 Qxc4 34. Qg5 Re8 35. Qe7 1-0

[Event "Cannes op-B 18th"]
[Site "Cannes"]
[Date "1997.??.??"]
[Round "2"]
[White "Azariants, Evgeni"]
[Black "Kovacevic, Blazimir"]
[Result "0-1"]
[WhiteElo "2200"]
[BlackElo "2340"]
[PlyCount "122"]
[EventDate "1997.02.22"]
[EventType "swiss"]
[EventRounds "9"]
[EventCountry "FRA"]
[SourceTitle "CBM 057 Extra"]
[Source "ChessBase"]
[SourceDate "1997.05.01"]
[SourceVersion "1"]
[SourceVersionDate "1997.05.01"]
[SourceQuality "1"]

1. Nf3 Nf6 2. c4 Nc6 3. g3 e5 4. Bg2 Bc5 5. 0-0 d6 6. Nc3 h6 7. d3 0-0 8. a3 a6 9. b4 Ba7 10. Bb2 Re8 11. Nd2 Ne7 12. Rc1 c6 13. Nde4 Nxe4 14. Nxe4 f5 15. Nc3 Be6 16. e3 Qd7 17. Ne2 Ng6 18. d4 Qf7 19. dxe5 dxe5 20. Qc2 Rad8 21. Rfe1 f4 22. exf4 exf4 23. c5 Bf5 24. Qa4 Rd2 25. Nd4 Rxe1+ 26. Rxe1 fxg3 27. hxg3 Bc2 28. Bd5 cxd5 29. Qe8+ Qxe8 30. Rxe8+ Kf7 31. Ra8 Be4 32. f3 Bxc5 33. bxc5 Bxf3 34. Nxf3 Rxb2 35. Ra7 Kf6 36. Nd4 Ne5 37. Ra8 Rd2 38. Nb3 Rd3 39. Na5 Rxg3+ 40. Kf2 Rxa3 41. Nxb7 d4 42. Rd8 Rb3 43. Rd6+ Ke7 44. Na5 Rb5 45. Nc6+ Nxc6 46. Rxc6 Kd7 47. Rg6 Rxc5 48. Rxg7+ Kc6 49. Rg6+ Kb5 50. Rxh6 Re5 51. Rd6 Kc4 52. Rxa6 d3 53. Rd6 Kc3 54. Rc6+ Kb3 55. Rb6+ Kc2 56. Rc6+ Kd1 57. Rc7 d2 58. Rd7 Re8 59. Rd6 Rf8+ 60. Kg1 Rf4 61. Ra6 Ke2 0-1

[Event "Cannes Martinez op"]
[Site "Cannes"]
[Date "1996.??.??"]
[Round "3"]
[White "Azariants, Evgeni"]
[Black "Bernard, Christophe"]
[Result "1/2-1/2"]
[WhiteElo "2180"]
[BlackElo "2370"]
[PlyCount "61"]
[EventDate "1996.08.??"]
[EventType "swiss"]
[EventRounds "9"]
[EventCountry "FRA"]
[SourceTitle "EXT 1998"]
[Source "ChessBase"]
[SourceDate "1997.11.17"]
[SourceVersion "1"]
[SourceVersionDate "1997.11.17"]
[SourceQuality "1"]

1. Nf3 Nf6 2. g3 g6 3. Bg2 Bg7 4. 0-0 0-0 5. c4 d6 6. Nc3 Nc6 7. Rb1 Bf5 8. d3 Qd7 9. Re1 Bh3 10. Bh1 h6 11. b4 e5 12. b5 Ne7 13. Nd2 Rab8 14. Qa4 Ng4 15. Nf1 f5 16. e3 f4 17. Ne4 fxg3 18. hxg3 a6 19. Qb3 axb5 20. cxb5+ Kh7 21. f3 Nf6 22. Bg2 Bxg2 23. Kxg2 b6 24. Nfd2 d5 25. Nxf6+ Rxf6 26. e4 Rbf8 27. Ba3 dxe4 28. Rxe4 Rf5 29. Rc1 Rd8 30. Bxe7 Qxe7 31. Rec4 1/2-1/2

[Event "Cannes Martinez op"]
[Site "Cannes"]
[Date "1996.??.??"]
[Round "1"]
[White "Azariants, Evgeni"]
[Black "Kutirov, Rolando"]
[Result "0-1"]
[WhiteElo "2180"]
[BlackElo "2525"]
[PlyCount "98"]
[EventDate "1996.08.??"]
[EventType "swiss"]
[EventRounds "9"]
[EventCountry "FRA"]
[SourceTitle "EXT 1998"]
[Source "ChessBase"]
[SourceDate "1997.11.17"]
[SourceVersion "1"]
[SourceVersionDate "1997.11.17"]
[SourceQuality "1"]

1. Nf3 d5 2. c4 c6 3. g3 Bg4 4. cxd5 Bxf3 5. exf3 cxd5 6. f4 Nc6 7. Bg2 Nf6 8. 0-0 g6 9. d3 Bg7 10. Nd2 0-0 11. Nf3 Nd7 12. Rb1 e6 13. b4 Nd4 14. Nxd4 Bxd4 15. Be3 Qb6 16. Qd2 Rfc8 17. Rfc1 Nf6 18. a4 Ng4 19. Bxd4 Qxd4 20. h3 Nf6 21. Rxc8+ Rxc8 22. Qe3 Qxe3 23. fxe3 Rc3 24. Bf1 Rc2 25. g4 h6 26. Rb3 Kg7 27. Bg2 g5 28. Bf3 Ne8 29. f5 Nd6 30. e4 dxe4 31. dxe4 Kf6 32. fxe6 fxe6 33. Bg2 Ke5 34. Rf3 Ra2 35. Rf8 Rxa4 36. Rh8 Rxb4 37. Rxh6 a5 38. Rh5 Kf4 39. Rh6 Ke5 40. Rh5 Nf7 41. h4 Kf4 42. Rh7 Ne5 43. hxg5 a4 44. Rh8 Kxg5 45. Rg8+ Kf4 46. g5 Kg3 47. Rf8 Rb1+ 48. Bf1 a3 49. g6 Nxg6 0-1

[Event "Cannes Martinez op"]
[Site "Cannes"]
[Date "1996.??.??"]
[Round "8"]
[White "Azariants, Evgeni"]
[Black "Laurain, Dominique"]
[Result "1-0"]
[WhiteElo "2180"]
[BlackElo "2140"]
[PlyCount "62"]
[EventDate "1996.08.??"]
[EventType "swiss"]
[EventRounds "9"]
[EventCountry "FRA"]
[SourceTitle "EXT 1998"]
[Source "ChessBase"]
[SourceDate "1997.11.17"]
[SourceVersion "1"]
[SourceVersionDate "1997.11.17"]
[SourceQuality "1"]

1. Nf3 Nf6 2. g3 g6 3. Bg2 Bg7 4. 0-0 0-0 5. c4 d6 6. Nc3 Nc6 7. Rb1 e5 8. d3 Bf5 9. Nd2 Qd7 10. Re1 Bh3 11. Bh1 Rab8 12. b4 Ng4 13. b5 Nd4 14. e3 Ne6 15. Nb3 f5 16. Bb2 Kh8 17. a4 f4 18. exf4 exf4 19. Ne4 c6 20. Bg2 Bxg2 21. Qxg4 Bxb2 22. Kxg2 f3+ 23. Kg1 Be5 24. d4 Bg7 25. Ng5 Nc5 26. Qh4 h6 27. dxc5 Qd8 28. Ne6 Qxh4 29. gxh4 Rfe8 30. Nxg7 Kxg7 31. cxd6 Rbd8 1-0

[Event "Cannes Martinez op"]
[Site "Cannes"]
[Date "1996.??.??"]
[Round "6"]
[White "Azariants, Evgeni"]
[Black "Lenfant, Francois"]
[Result "1/2-1/2"]
[WhiteElo "2180"]
[BlackElo "2065"]
[PlyCount "121"]
[EventDate "1996.08.??"]
[EventType "swiss"]
[EventRounds "9"]
[EventCountry "FRA"]
[SourceTitle "EXT 1998"]
[Source "ChessBase"]
[SourceDate "1997.11.17"]
[SourceVersion "1"]
[SourceVersionDate "1997.11.17"]
[SourceQuality "1"]

1. Nf3 d5 2. c4 c6 3. g3 Bg4 4. Ne5 Bh5 5. Bg2 f6 6. Nf3 e5 7. Qb3 Qc7 8. cxd5 cxd5 9. 0-0 Bf7 10. d4 Nc6 11. Nc3 e4 12. Nb5 Qd7 13. Ne1 a6 14. Qa4 Rc8 15. Nc3 Bd6 16. Nc2 Nge7 17. Ne3 0-0 18. Qd1 b5 19. Kh1 f5 20. Bh3 Be6 21. Ng2 Qa7 22. Be3 Qd7 23. f3 Na5 24. Bf4 Nc4 25. fxe4 Bxf4 26. gxf4 fxe4 27. Bxe6+ Qxe6 28. b3 Ne3 29. Nxe3 Rxc3 30. Qd2 Rfc8 31. f5 Qh6 32. Nc4 Qxd2 33. Nxd2 Rc2 34. Rad1 Rxa2 35. f6 Ng6 36. fxg7 Kxg7 37. Rf5 Rd8 38. e3 Rb2 39. Kg1 Nh4 40. Rf4 Ng6 41. Rf2 Rf8 42. Nxe4 Rfxf2 43. Nxf2 Rxb3 44. e4 Nf4 45. exd5 Nxd5 46. Ra1 Nf4 47. Ne4 Ne2+ 48. Kf2 Nxd4 49. Rxa6 Rb2+ 50. Kg3 b4 51. Ng5 b3 52. Ne6+ Nxe6 53. Rxe6 Rb1 54. Rb6 b2 55. Kg2 Kf7 56. h3 Ke7 57. Kh2 Kd7 58. Kg2 Kc7 59. Rb5 Kc6 60. Rb8 Kc7 61. Rb5 1/2-1/2

[Event "Cannes Martinez op"]
[Site "Cannes"]
[Date "1995.??.??"]
[Round "8"]
[White "Azariants, Evgeni"]
[Black "Blandnet, Jean Marie"]
[Result "1-0"]
[WhiteElo "2240"]
[BlackElo "2175"]
[PlyCount "85"]
[EventDate "1995.07.??"]
[EventType "swiss"]
[EventRounds "9"]
[EventCountry "FRA"]
[SourceTitle "EXT 1998"]
[Source "ChessBase"]
[SourceDate "1997.11.17"]
[SourceVersion "1"]
[SourceVersionDate "1997.11.17"]
[SourceQuality "1"]

1. Nf3 Nf6 2. c4 e6 3. g3 b6 4. Bg2 Bb7 5. 0-0 Be7 6. d4 d5 7. cxd5 exd5 8. Qa4+ c6 9. Nc3 0-0 10. Ne5 Qc8 11. Rd1 Rd8 12. Bf4 Qe6 13. Qb3 Na6 14. Rac1 c5 15. dxc5 Nxc5 16. Qc2 g5 17. Nb5 gxf4 18. gxf4 Bd6 19. Nd4 Qe8 20. Qf5 Be7 21. Qg5+ Kh8 22. Nf5 Ne6 23. Qh4 Rdc8 24. Rxc8 Rxc8 25. Bh3 Rc7 26. Nd6 Bxd6 27. Qxf6+ Kg8 28. Nxf7 Rxf7 29. Bxe6 Bf8 30. Rc1 Be7 31. Qe5 Bd8 32. Rc3 Kf8 33. Bxf7 Qxe5 34. fxe5 Kxf7 35. f4 Ke6 36. Rh3 Kf5 37. Rxh7 Bc6 38. Rf7+ Ke6 39. Rxa7 d4 40. Kf2 Bh4+ 41. Kg1 Kd5 42. Rh7 Be1 43. Rh6 1-0

[Event "Cannes Martinez op"]
[Site "Cannes"]
[Date "1995.??.??"]
[Round "2"]
[White "Azariants, Evgeni"]
[Black "Lanka, Zigurds"]
[Result "0-1"]
[WhiteElo "2240"]
[BlackElo "2480"]
[PlyCount "80"]
[EventDate "1995.07.??"]
[EventType "swiss"]
[EventRounds "9"]
[EventCountry "FRA"]
[SourceTitle "EXT 1998"]
[Source "ChessBase"]
[SourceDate "1997.11.17"]
[SourceVersion "1"]
[SourceVersionDate "1997.11.17"]
[SourceQuality "1"]

1. Nf3 Nf6 2. g3 g6 3. Bg2 Bg7 4. 0-0 d6 5. c4 0-0 6. Nc3 a6 7. d3 e5 8. Rb1 h6 9. b4 Nh5 10. Bb2 Nc6 11. a3 Be6 12. Nd2 Rb8 13. Nd5 f5 14. e3 Ne7 15. Qe2 Nc8 16. Rbc1 c6 17. Nc3 Ne7 18. d4 e4 19. Nb3 Nf6 20. Rfd1 d5 21. cxd5 Nexd5 22. Na5 g5 23. Nxd5 Bxd5 24. Nc4 Qe8 25. Ne5 Nd7 26. Nxd7 Qxd7 27. Qc2 Rbe8 28. Re1 Rf6 29. a4 Bf8 30. Bc3 Qf7 31. Rb1 b5 32. Bd2 Bd6 33. a5 h5 34. Qd1 h4 35. gxh4 g4 36. h3 Qh5 37. hxg4 fxg4 38. Kf1 Qxh4 39. Re2 Bc4 40. Ke1 Ref8 0-1